ბათუმის შოთა რუსთაველის სახელმწიფო უნივერსიტეტის ბიბლიოთეკა

Финансовый анализ (ბიბ.ჩანაწერი № 37028)

000 -LEADER
fixed length control field 00591nam a2200229Ia 4500
001 - CONTROL NUMBER
control field 2982
003 - CONTROL NUMBER IDENTIFIER
control field GE_BSU
008 - FIXED-LENGTH DATA ELEMENTS--GENERAL INFORMATION
fixed length control field 181216s||||||||xx |||||||||||||| ||und||
020 ## - INTERNATIONAL STANDARD BOOK NUMBER
International Standard Book Number 586509050x
040 ## - CATALOGING SOURCE
Transcribing agency GE_BSU
080 ## - UNIVERSAL DECIMAL CLASSIFICATION NUMBER
Universal Decimal Classification number 336(075.8)
100 ## - MAIN ENTRY--PERSONAL NAME
Personal name В.Г. Артеменко, М.В. Артеменко
245 ## - TITLE STATEMENT
Title Финансовый анализ
245 ## - TITLE STATEMENT
Remainder of title Учебное пособие
260 ## - PUBLICATION, DISTRIBUTION, ETC.
Place of publication, distribution, etc. Москва
260 ## - PUBLICATION, DISTRIBUTION, ETC.
Name of publisher, distributor, etc. ДИЦ
260 ## - PUBLICATION, DISTRIBUTION, ETC.
Date of publication, distribution, etc. 1997
300 ## - PHYSICAL DESCRIPTION
Extent 128 с. 20 см.
653 ## - INDEX TERM--UNCONTROLLED
Uncontrolled term Финансовый анализ
942 ## - ADDED ENTRY ELEMENTS (KOHA)
Koha item type წიგნი
ეგზემპლარები
Withdrawn status Lost status Damaged status Not for loan Date acquired Barcode Date last seen Price effective from Koha item type Public note
        2018-12-17 8001 2018-12-17 2018-12-17 წიგნი დარბაზი
        2018-12-17 8002 2018-12-17 2018-12-17 წიგნი დარბაზი
        2018-12-17 8037 2018-12-17 2018-12-17 წიგნი დარბაზი